MANAGEMENT IN ENGINEERING:principles and practice (Record no. 2291)

MARC details
000 -LEADER
fixed length control field 00476nam a22001817a 4500
005 - DATE AND TIME OF LATEST TRANSACTION
control field 20180725142155.0
008 - FIXED-LENGTH DATA ELEMENTS--GENERAL INFORMATION
fixed length control field 160601b xxu||||| |||| 00| 0 eng d
020 ## - INTERNATIONAL STANDARD BOOK NUMBER
ISBN 81-203-1275-9
041 ## - LANGUAGE CODE
Language code of text/sound track or separate title eng
082 ## - DEWEY DECIMAL CLASSIFICATION NUMBER
Item number 6501
Classification number 658.3
100 ## - MAIN ENTRY--AUTHOR NAME
Personal name FREEMAN-BELL,GAIL AND BALKWILL, JAMES:
245 ## - TITLE STATEMENT
Title MANAGEMENT IN ENGINEERING:principles and practice
250 ## - EDITION STATEMENT
Edition statement 2nd ed.
260 ## - PUBLICATION, DISTRIBUTION, ETC. (IMPRINT)
Place of publication New Delhi
Name of publisher PHI,
Year of publication 2005
300 ## - PHYSICAL DESCRIPTION
Number of Pages 488p,
650 ## - SUBJECT ADDED ENTRY--TOPICAL TERM
Topical Term Management
942 ## - ADDED ENTRY ELEMENTS (KOHA)
Koha item type Books
Holdings
Lost status Damaged status Collection code Home library Current library Shelving location Date acquired Cost, normal purchase price Full call number Accession Number Koha item type
    MANAGEMENT JRU Library JRU Library SHELF-42-E 01/06/2016 250.00 658.3 6501 Books
    MANAGEMENT JRU Library JRU Library SHELF-42-E 01/06/2016 250.00 658.3 6502 Books
    MANAGEMENT JRU Library JRU Library SHELF-42-E 01/06/2016 250.00 658.3 6503 Books
    Reference JRU Library   SHELF-30-G 01/06/2016 250.00 658.3 6504 Books
    MANAGEMENT JRU Library JRU Library SHELF-42-E 01/06/2016 250.00 658.3 6505 Books
    MANAGEMENT JRU Library JRU Library SHELF-42-E 01/06/2016 250.00 658.3 6506 Books